| 000 | 01203nam a2200289Ia 4500 | ||
|---|---|---|---|
| 003 | GCL | ||
| 005 | 20240530101910.0 | ||
| 008 | 140319s9999 xx 000 0 ara d | ||
| 040 |
_aGCL / _cGCL |
||
| 082 | 0 | 4 |
_a962.031 _bق/د م |
| 100 | 1 | _aدودويل، هنرى | |
| 245 | 1 | 0 |
_aالاتجاه السياسى لمصر فى عهد محمد على : _bمؤسس مصر الحديثة / _cدوديل هنرى ؛ تعريب احمد محمد عبدالخالق ، على احمد شكرى . |
| 260 |
_aالقاهرة : _bمكتبة الاداب |
||
| 300 |
_a302 ص ؛ _c24 سم |
||
| 650 | 0 | 4 | _aالعصر الحديث |
| 650 | 0 | 4 | _aمصر |
| 650 | 0 | 4 | _aتاريخ |
| 650 | 0 | 4 | _aالاحوال السياسية |
| 650 | 0 | 4 | _aالعلاقات الخارجية |
| 650 | 0 | 4 | _aمصر - تاريخ - العصر الحديث - عصر محمد على ( 1805- 1849 م ) |
| 650 | 0 | 4 | _aالجزائر - العلاقات الخارجية - سوريا |
| 650 | 0 | 4 | _aجزيرة كريبى |
| 650 | 0 | 4 | _aمصر - تاريخ - العصر الحديث (1805 - 1956 ) |
| 700 | 1 |
_aاحمد محمد عبدالخالق _eترجمة |
|
| 700 | 1 |
_aعلى احمد شكرى _eترجمة |
|
| 942 |
_2ddc _cBK |
||
| 999 |
_c28558 _d28558 |
||